|
|
|
|
| LEADER |
00000naa2a2200000 4500 |
| 001 |
391215 |
| 005 |
20231101064047.0 |
| 035 |
|
|
|a (RuTPU)RU\TPU\prd\25245
|
| 090 |
|
|
|a 391215
|
| 100 |
|
|
|a 20040414a2004 k y0rusy50 ca
|
| 101 |
0 |
|
|a rus
|
| 102 |
|
|
|a RU
|
| 200 |
1 |
|
|a Основные бои впереди
|f К. Симонов
|
| 225 |
1 |
|
|a Право
|
| 461 |
|
1 |
|0 (RuTPU)RU\TPU\prd\1610
|t Нефть России
|o аналитический журнал
|d 1996, 1999-2012
|
| 463 |
|
1 |
|0 (RuTPU)RU\TPU\prd\24467
|t № 2
|v С. 55-57
|d 2004
|
| 610 |
1 |
|
|a нефтяные компании
|
| 610 |
1 |
|
|a правительство
|
| 610 |
1 |
|
|a налоговая политика
|
| 610 |
1 |
|
|a топливно-энергетический комплекс
|
| 700 |
|
1 |
|a Симонов
|b К.
|
| 801 |
|
1 |
|a RU
|b 63413507
|c 20040414
|g PSBO
|
| 801 |
|
2 |
|a RU
|b 63413507
|c 20130802
|g RCR
|
| 942 |
|
|
|c BK
|